00321nam a2200109Ia 4500008004100000082001800041100002900059245003000088260003800118630001800156650003700174211118s9999||||xx |||||||||||||| ||und|| a954.83bPAN-S aPanikkassery, Velayudhan 0aSancharikal Kanda Keralam bSimon & SchusteraNew Delhic2001 xGeneral Stack aHistoryvIndian HistoryMalayalam